5HLuxD.jpg

KING HENRY VIII SENIOR AND PRIMARY SCHOOL LIBRARY OPAC

The daily life of a World War II evacuee / (Record no. 2721)

000 -LEADER
fixed length control field 01723nam a2200421 a 4500
001 - CONTROL NUMBER
control field 017156574
003 - CONTROL NUMBER IDENTIFIER
control field UkOxU
005 - DATE AND TIME OF LATEST TRANSACTION
control field 20230815105231.0
008 - FIXED-LENGTH DATA ELEMENTS--GENERAL INFORMATION
fixed length control field 080320r20081999enka j b 001 0 eng
015 ## - NATIONAL BIBLIOGRAPHY NUMBER
National bibliography number GBA871038
Source bnb
020 ## - INTERNATIONAL STANDARD BOOK NUMBER
International Standard Book Number 9780750255646 (pbk.)
020 ## - INTERNATIONAL STANDARD BOOK NUMBER
International Standard Book Number 0750255641 (pbk.)
035 ## - SYSTEM CONTROL NUMBER
System control number (IeDuTC)b15103743
035 ## - SYSTEM CONTROL NUMBER
System control number (UkLCURL)08b15103743
038 ## - RECORD CONTENT LICENSOR
Record content licensor Uk
040 ## - CATALOGING SOURCE
Original cataloging agency StDuBDS
Language of cataloging eng
Transcribing agency StDuBDS
Modifying agency IeDuTC
-- KH8
042 ## - AUTHENTICATION CODE
Authentication code ukscp
049 ## - LOCAL HOLDINGS (OCLC)
Local processing data b
082 04 - DEWEY DECIMAL CLASSIFICATION NUMBER
Classification number 941.084 CHI
100 1# - MAIN ENTRY--PERSONAL NAME
Personal name Childs, Alan,
Dates associated with a name 1942-
Relator term author.
240 10 - UNIFORM TITLE
Uniform title Day in the life of a World War II evacuee
245 14 - TITLE STATEMENT
Title The daily life of a World War II evacuee /
Statement of responsibility, etc. Alan Childs ; illustrated by Adam Hook.
246 3# - VARYING FORM OF TITLE
Title proper/short title World War II evacuee
260 ## - PUBLICATION, DISTRIBUTION, ETC.
Place of publication, distribution, etc. London :
Name of publisher, distributor, etc. Wayland,
Date of publication, distribution, etc. 2008.
300 ## - PHYSICAL DESCRIPTION
Extent 32 p. :
Other physical details ill. (some col.) ;
Dimensions 27 cm.
490 1# - SERIES STATEMENT
Series statement The daily life of ...
500 ## - GENERAL NOTE
General note Originally published as : A day in the life of a World War II evacuee, 1999.
504 ## - BIBLIOGRAPHY, ETC. NOTE
Bibliography, etc. note Includes bibliographical references and index.
650 #0 - SUBJECT ADDED ENTRY--TOPICAL TERM
Topical term or geographic name entry element World War, 1939-1945
General subdivision Evacuation of civilians
Geographic subdivision Great Britain
Form subdivision Juvenile literature.
650 #0 - SUBJECT ADDED ENTRY--TOPICAL TERM
Topical term or geographic name entry element World War, 1939-1945
General subdivision Evacuation of civilians
Geographic subdivision Great Britain
Form subdivision Juvenile literature
-- Pictorial works.
650 #0 - SUBJECT ADDED ENTRY--TOPICAL TERM
Topical term or geographic name entry element World War, 1939-1945
General subdivision Social aspects
Geographic subdivision Great Britain
Form subdivision Juvenile literature.
650 #0 - SUBJECT ADDED ENTRY--TOPICAL TERM
Topical term or geographic name entry element World War, 1939-1945
General subdivision Social aspects
Geographic subdivision Great Britain
Form subdivision Juvenile literature
-- Pictorial works.
651 #0 - SUBJECT ADDED ENTRY--GEOGRAPHIC NAME
Geographic name Great Britain
General subdivision Social life and customs
Chronological subdivision 1918-1945
Form subdivision Juvenile literature.
651 #0 - SUBJECT ADDED ENTRY--GEOGRAPHIC NAME
Geographic name Great Britain
General subdivision Social life and customs
Chronological subdivision 1918-1945
Form subdivision Juvenile literature
-- Pictorial works.
700 1# - ADDED ENTRY--PERSONAL NAME
Personal name Hook, Adam.
830 #0 - SERIES ADDED ENTRY--UNIFORM TITLE
Uniform title Daily life of ... (Wayland (Firm))
942 ## - ADDED ENTRY ELEMENTS (KOHA)
Source of classification or shelving scheme
Koha item type Teaching Resources
Holdings
Withdrawn status Lost status Source of classification or shelving scheme Damaged status Not for loan Collection code Permanent Location Current Location Shelving location Date acquired Full call number Barcode Date last seen Price effective from Koha item type
          Teaching Resources KH8 Senior School Library KH8 Senior School Library Staff Office 2023-08-15 941.084 CHI TRKHSL002041 2023-08-15 2023-08-15 Teaching Resources

Powered By KH8 IT Dept